000 00363pab a2200157 454500
008 180718b1998 xxu||||| |||| 00| 0 eng d
100 _aLal, A.K.
245 _aUrban planning: emerging issue
260 _c1998
300 _ap.11-14,20
362 _aDec
650 _aUrban planning - India
650 _aUrban planning
773 _aYojana
909 _a39587
999 _c39587
_d39587